书目信息 |
| 题名: |
生态中国
|
|
| 作者: | 林松 , 金爱英 , 贾忱扬 , 关涛 著 | |
| 分册: | ||
| 出版信息: | 沈阳 辽宁科学技术出版社 2021.08 |
|
| 页数: | 271页 | |
| 开本: | 29cm | |
| 丛书名: | ||
| 单 册: | ||
| 中图分类: | X321.2 | |
| 科图分类: | ||
| 主题词: | 城市环境--cheng shi huan jing--生态环境建设--研究--中国 | |
| 电子资源: | ||
| ISBN: | 978-7-5591-1480-8 | |
| 000 | 01319nam0 2200301 450 | |
| 001 | 26194 | |
| 005 | 20220919220719.59 | |
| 010 | @a978-7-5591-1480-8@b精装@dCNY298.00 | |
| 100 | @a20210910d2021 em y0chiy50 ea | |
| 101 | 0 | @achi |
| 102 | @aCN@b210000 | |
| 105 | @aa z 001yy | |
| 200 | 1 | @a生态中国@Asheng tai zhong guo@e城市更新与改造@d= Eco China@eurban renewal and renovation@f林松 ... [等] 著@zeng |
| 210 | @a沈阳@c辽宁科学技术出版社@d2021.08 | |
| 215 | @a271页@c图 (部分彩图)@d29cm | |
| 304 | @a题名页题其余责任者: 金爱英, 贾忱扬, 关涛 | |
| 320 | @a有索引 | |
| 330 | @a本书通过对当今城市更新和改造现状和问题的探讨, 着重分析和介绍城市更新和街区改造的历史发展、理论基础、类型模式和系统规划等, 并结合部分具体案例的介绍, 以大量的图片和简洁的文字, 呈现出一个较为全面的当代中国城市存量更新与规划的图景, 试图揭示一条适合中国国情的城市更新和改造的途径, 为实践提供参考。 | |
| 510 | 1 | @aEco China@eurban renewal and renovation@zeng |
| 517 | 1 | @a城市更新与改造@Acheng shi geng xin yu gai zao |
| 606 | 0 | @a城市环境@Acheng shi huan jing@x生态环境建设@x研究@y中国 |
| 690 | @aX321.2@v5 | |
| 701 | 0 | @a林松@Alin song@4著 |
| 701 | 0 | @a金爱英@Ajin ai ying@4著 |
| 701 | 0 | @a贾忱扬@Ajia chen yang@4著 |
| 701 | 0 | @a关涛@Aguan tao@4著 |
| 801 | 0 | @aCN@c20220910 |
| 905 | @a河南城建学院图书馆@dX321.2@eL512@f1 | |
| 生态中国:城市更新与改造= Eco China:urban renewal and renovation/林松 ... [等] 著.-沈阳:辽宁科学技术出版社,2021.08 |
| 271页:图 (部分彩图);29cm |
| ISBN 978-7-5591-1480-8(精装):CNY298.00 |
| 本书通过对当今城市更新和改造现状和问题的探讨, 着重分析和介绍城市更新和街区改造的历史发展、理论基础、类型模式和系统规划等, 并结合部分具体案例的介绍, 以大量的图片和简洁的文字, 呈现出一个较为全面的当代中国城市存量更新与规划的图景, 试图揭示一条适合中国国情的城市更新和改造的途径, 为实践提供参考。 |
| ● |
| 相关链接 |
|
|
|
正题名:生态中国
索取号:X321.2/L512
 
预约/预借
| 序号 | 登录号 | 条形码 | 馆藏地/架位号 | 状态 | 备注 |
| 1 | 1577089 | 215770896 | 自科库501/501自科库 95排2列5层/ [索取号:X321.2/L512] | 在馆 |